15 größte Städte Japan - Statistiken

Allgemein
  • Dieses Quiz wurde 47 mal gespielt
  • Das Durchschnittsergebnis liegt bei 9 aus 15
Antwortstatistiken
Einwohner Antwort % Korrekt
9.745.000 Tokio
100%
2.755.000 Osaka
97%
1.201.000 Hiroshima
86%
1.465.000 Kyōto
84%
3.778.000 Yokohama
81%
2.333.000 Nagoya
68%
1.975.000 Sapporo
65%
1.613.000 Fukuoka
57%
1.527.000 Kōbe
57%
1.539.000 Kawasaki
35%
1.097.000 Sendai
32%
1.325.000 Saitama
30%
975.000 Chiba
24%
940.000 Kitakyūshū
19%
791.000 Hamamatsu
16%
Keine übereinstimmenden Quizze gefunden
Verteilung der Resultate
Anzahl Personen mit jedem Resultat
Perzentil nach korrekt beantworteten Fragen
Ihre Resultats-Entwicklung
Sie haben dieses Quiz noch nicht gespielt